000 00629nam a2200205 4500
001 114
005 20181127160429.0
008 840929s1982 ii b 001 0 engo
010 _a 82903239
100 1 _aBhole, L. M.,
_d1943-
245 1 0 _aFinancial institutions and markets:
_b structure, growth, and innovations /
_cL.M. Bhole.
250 _a5th ed.
_b
260 _aNew Delhi :
_bTata McGraw Hill,
_c2011.
300 _axxvi, 999 p. ;
_c25 cm.
500 _aIncludes index.
504 _aBibliography: p. [982]-996.
520 _aIn the Indian context.
650 0 _aFinance
_zIndia.
650 0 _aFinancial institutions
_zIndia.
999 _c99
_d99